| 000 | 01178nam0a2200313 i 4500 | ||
|---|---|---|---|
| 001 | RU\NLR\BIBL_A\010814887 | ||
| 005 | 20240725010459.0 | ||
| 010 |
_a9785950611391 _922 |
||
| 021 |
_aRU _b2015-50418 _92986 |
||
| 035 | _a(NILC)RuMoRGB-007973133 | ||
| 035 | _a(NLR Aleph) 010814887 | ||
| 090 |
_a10219493 _c10219493 |
||
| 100 | _a20150810d2014 u y0rusy50 ca | ||
| 101 | 0 | _arus | |
| 102 | _aRU | ||
| 105 | _ac z 000zy | ||
| 200 | 1 |
_aПисьма друга [Николая Сарыевского к Б.И. Жгутову] _fБ. И. Жгутов |
|
| 210 |
_aМосква _cЭкон-информ _d2014 |
||
| 215 |
_a28 с. _cпортр., цв. портр. _d21 |
||
| 300 | _aБ.И. Жгутов является автором предисловия и адресатом писем, написанных в стихах | ||
| 686 | 2 | _aШ6(2=Р)75-5 | |
| 700 | 1 |
_aЖгутов _bБ. И. _gБорис И |
|
| 701 | 1 |
_aСарыевский _bН. А. _f1934-2013 _gНиколай Алексеевич |
|
| 801 | 0 |
_aRU _bРГБ _c20150629 _gRCR |
|
| 942 | _cBOOK | ||
| 980 | _aNBR | ||